000
00295 a2200145 4500
001
75157
020
_a
978853571938
040
_c
Anchieta - Colégio São Paulo
240
1
0
_a
Português
_l
por
245
1
0
_a
Português
300
_a
250
362
0
_a
2014
650
4
_a
Português
942
_c
BK
999
_c
75157
_d
75157